[Event "ROM-ch U10"]
[Site "Eforie Nord"]
[Date "2022.04.15"]
[Round "6"]
[White "Ponta Facalet, Zeno Andrei"]
[Black "Rusu, Lucas"]
[Result "1/2-1/2"]
[WhiteElo "1493"]
[BlackElo "1595"]
[PlyCount "88"]
[EventDate "2022.04.11"]
[EventType "swiss"]
[EventRounds "9"]
[EventCountry "ROU"]
[SourceTitle "EXT 2023"]
[Source "ChessBase"]
[SourceDate "2022.10.05"]
[SourceVersion "1"]
[SourceVersionDate "2022.10.05"]
[SourceQuality "1"]

1. d4 Nf6 2. Nf3 e6 3. Bf4 b6 4. e3 Bb7 5. Bd3 c5 6. c3 Nc6 7. Nbd2 d5 8. 0-0 Bd6 9. Bxd6 Qxd6 10. Qe2 Rd8 11. Rad1 0-0 12. Rfe1 g6 13. e4 dxe4 14. Nxe4 Nxe4 15. Bxe4 cxd4 16. Nxd4 Nxd4 17. Rxd4 Qc7 18. Red1 Bxe4 19. Qxe4 Qe7 20. g3 Qc7 21. Kg2 Rfe8 22. R1d3 Rf8 23. Rc4 Qe7 24. Rcd4 Rxd4 25. Qxd4 e5 26. Qd7 Re8 27. Qa4 Qb7+ 28. f3 Re7 29. Re3 Qd5 30. Re2 Qd3 31. Kf2 f5 32. Qc2 Qxc2 33. Rxc2 Rd7 34. Re2 Re7 35. c4 Kf7 36. b4 Ke6 37. Ke3 Rd7 38. Rd2 Rxd2 39. Kxd2 e4 40. fxe4 fxe4 41. Ke3 Ke5 42. g4 g5 43. h3 a6 44. a3 b5 1/2-1/2

[Event "ROM-ch U10"]
[Site "Eforie Nord"]
[Date "2022.04.14"]
[Round "5"]
[White "Stanica, Andrei"]
[Black "Ponta Facalet, Zeno Andrei"]
[Result "1-0"]
[WhiteElo "1322"]
[BlackElo "1493"]
[PlyCount "113"]
[EventDate "2022.04.11"]
[EventType "swiss"]
[EventRounds "9"]
[EventCountry "ROU"]
[SourceTitle "EXT 2023"]
[Source "ChessBase"]
[SourceDate "2022.10.05"]
[SourceVersion "1"]
[SourceVersionDate "2022.10.05"]
[SourceQuality "1"]

1. e4 c5 2. Nf3 e6 3. d4 cxd4 4. Nxd4 Nf6 5. Nc3 Nc6 6. Be3 Bb4 7. Bg5 h6 8. Nxc6 bxc6 9. Bd2 Bxc3 10. Bxc3 Nxe4 11. Bxg7 Rg8 12. Bxh6 Qf6 13. Be3 Qxb2 14. Bd4 Qb4+ 15. c3 Nxc3 16. Qd2 Nd5 17. Qxb4 Nxb4 18. Kd2 d6 19. Rb1 c5 20. g3 Bb7 21. Rg1 Be4 22. Rb2 Nc6 23. Bf6 Rg6 24. Bh4 Nd4 25. Ke3 Bc6 26. Bd3 Rh6 27. Rgb1 Nf3 28. Rb8+ Rxb8 29. Rxb8+ Kd7 30. Rd8+ Kc7 31. Be7 Nxh2 32. Rf8 Ng4+ 33. Kd2 f5 34. Rf7 Ne5 35. Rg7 Rh2 36. Bf6+ Nd7 37. Ke3 d5 38. g4 fxg4 39. Be5+ Kb6 40. Bxh2 Nf6 41. Bc7+ Kb7 42. Bd8+ Nd7 43. Rxg4 Ne5 44. Rg7+ Kc8 45. Bf6 d4+ 46. Ke2 Nf3 47. Ba6+ Kb8 48. Bd8 d3+ 49. Kxd3 Ne5+ 50. Kc3 Nd7 51. Ba5 Nf6 52. Bc7+ Ka8 53. Be5 Ne8 54. Re7 c4 55. a3 Bd7 56. Rxd7 Ng7 57. Bb7# 1-0

[Event "ROM-ch U10"]
[Site "Eforie Nord"]
[Date "2022.04.12"]
[Round "3"]
[White "Deac, Victor"]
[Black "Ponta Facalet, Zeno Andrei"]
[Result "0-1"]
[WhiteElo "1225"]
[BlackElo "1493"]
[PlyCount "129"]
[EventDate "2022.04.11"]
[EventType "swiss"]
[EventRounds "9"]
[EventCountry "ROU"]
[SourceTitle "EXT 2023"]
[Source "ChessBase"]
[SourceDate "2022.10.05"]
[SourceVersion "1"]
[SourceVersionDate "2022.10.05"]
[SourceQuality "1"]

1. e4 c5 2. Nf3 e6 3. d4 cxd4 4. Nxd4 Nf6 5. Bd3 Nc6 6. Nxc6 bxc6 7. 0-0 d6 8. Be3 Be7 9. f3 0-0 10. Nc3 e5 11. Qe2 Be6 12. Rad1 Qc7 13. a3 Rfd8 14. Bf2 Rab8 15. b4 a5 16. b5 Nd7 17. Na4 cxb5 18. Bxb5 Rxb5 19. Qxb5 Bc4 20. Qb2 Bxf1 21. Rxf1 Rc8 22. Qb5 Rb8 23. Qd3 Qc6 24. Nc3 Rc8 25. Nd5 Bd8 26. Ne3 Nf6 27. Rd1 Ne8 28. Rd2 Bg5 29. Nd5 Nc7 30. c4 Nxd5 31. cxd5 Qc3 32. Qxc3 Rxc3 33. Rd1 Rxa3 34. h4 Bd8 35. Rb1 Be7 36. Rb8+ Bf8 37. Bc5 dxc5 38. Kf2 Rd3 39. Ra8 Rd4 40. Rxa5 c4 41. Ra8 g6 42. Ke3 Rd3+ 43. Ke2 Kg7 44. Rc8 Rd4 45. Ke3 Bb4 46. g3 h6 47. f4 Bd2+ 48. Kf3 exf4 49. gxf4 c3 50. Rc5 Rd3+ 51. Kf2 Be3+ 52. Ke2 Bxc5 53. Kxd3 Be7 54. Kxc3 Bxh4 55. Kd4 g5 56. f5 g4 57. Ke3 Bg5+ 58. Kf2 Bf4 59. Kg2 h5 60. Kf2 h4 61. Kg2 h3+ 62. Kh1 g3 63. Kg1 Be3+ 64. Kf1 g2+ 65. Ke1 0-1